लाडक्या लेकी भाग. 2 (Record no. 402941)

MARC details
000 -LEADER
fixed length control field 00646nam a2200181Ia 4500
008 - FIXED-LENGTH DATA ELEMENTS--GENERAL INFORMATION
fixed length control field 100122s9999 xx 000 0 und d
082 ## - DEWEY DECIMAL CLASSIFICATION NUMBER
Item number 11597
Classification number 823.08
100 ## - MAIN ENTRY--PERSONAL NAME
Personal name कुलकर्णी पंडित अनंत
245 ## - TITLE STATEMENT
Title लाडक्या लेकी भाग. 2
250 ## - EDITION STATEMENT
Edition statement 1
260 ## - PUBLICATION, DISTRIBUTION, ETC. (IMPRINT)
Name of publisher, distributor, etc कुलकर्णी ग्रंथगार
Date of publication, distribution, etc 1962
300 ## - PHYSICAL DESCRIPTION
Extent 178
630 ## - SUBJECT ADDED ENTRY--UNIFORM TITLE
Uniform title लाडक्या लेकी भाग. 2
700 ## - ADDED ENTRY--PERSONAL NAME
Personal name कुलकर्णी पंडित अनंत
700 ## - ADDED ENTRY--PERSONAL NAME
Personal name अदवंत म ना
730 ## - ADDED ENTRY--UNIFORM TITLE
Uniform title लाडक्या लेकी भाग. 2
942 ## - ADDED ENTRY ELEMENTS (KOHA)
Koha item type Book

No items available.